000 00798cam a2200205 4500
001 WB3731-24
008 010809n2001 000 0 eng u
035 _a(Sirsi) u114038
245 _aPFI housing projects ready
260 _c2001
490 _aBuilding
_v266(8195) 3 August 2001, 12(1)
520 _aFollowing substantial delays caused by lack of guidance and resources, the first PFI housing regeneration projects are underway. The first of eight DTLR backed Pathfinder projects is likely to be the Plymouth Grove and Stockport Road scheme for 1200 houses, with a start date of April 2002.
590 _aWB
650 _aPFI
650 _aPRIVATE FINANCE INITIATIVE
650 _aPATHFINDER PROJECTS
650 _aSOCIAL HOUSING
690 _aHOUSING-HOUSING FINANCE
942 _n0
999 _c67971
_d67971